| 000 | 01856nam1a2200373 i 4500 | ||
|---|---|---|---|
| 001 | RU\NLR\bibl\870288 | ||
| 005 | 20260407092623.0 | ||
| 035 | _a(NLR Aleph) 000858912 | ||
| 090 |
_a1527367 _c1527367 |
||
| 100 | _a20051110g20049999k y0rusy50 ca | ||
| 101 | 0 | _arus | |
| 102 | _aRU | ||
| 105 | _a||||z ||||| | ||
| 200 | 1 |
_aИстория русского слова _eономастика и специальная лексика Северной Руси _e[межвузовский сборник научных работ] _fМ-во образования Рос. Федерации, Волог. гос. пед. ун-т _g[редкол.: к.филол.н., доц. С. Н. Смольников (отв. ред.) и др.] |
|
| 210 |
_aВологда _cИзд-во ГУ Вологодский НИИ _d2004 |
||
| 215 | _d21 | ||
| 463 | 0 | _1001803434 | |
| 463 | 0 | _10011227457 | |
| 463 | 0 | _10011463923 | |
| 606 | 0 |
_aРусский язык _jСборники _xИсторическая лексикология _91543637 _3RU\NLR\auth\66974412 |
|
| 606 | 0 |
_aРусский язык _jСборники _xОномастика _91542659 _3RU\NLR\auth\66973919 |
|
| 606 | 1 |
_aРусский язык _jСборники _xДиалекты северо-русские _91533201 _3RU\NLR\auth\66969153 |
|
| 686 | _aШ141.12-0-3я43 | ||
| 686 | _aШ141.12-314я43 | ||
| 686 | _aШ141.12-512я43 | ||
| 702 | 1 |
_aСмольников _bС. Н. _gСергей Николаевич _4340 |
|
| 712 | 0 | 2 |
_4570 _aВологодский государственный педагогический университет _3RU\NLR\AUTH\8820813 _9315359 |
| 801 | 0 |
_aRU _bNLR _c20051110 _grcr |
|
| 801 | 1 |
_aRU _bNLR _c20051110 |
|
| 830 | _aРед. по эк | ||
| 852 |
_aNLR _j2005-3/19149 |
||
| 942 | _cBOOK | ||